| 000 -LEADER |
| fixed length control field |
01042nam a22002177a 4500 |
| 003 - CONTROL NUMBER IDENTIFIER |
| control field |
OSt |
| 005 - DATE AND TIME OF LATEST TRANSACTION |
| control field |
20260123084558.0 |
| 008 - FIXED-LENGTH DATA ELEMENTS--GENERAL INFORMATION |
| fixed length control field |
230620b ||||| |||| 00| 0 eng d |
| 040 ## - CATALOGING SOURCE |
| Transcribing agency |
SSBUL |
| 041 ## - LANGUAGE CODE |
| Language code of text/sound track or separate title |
Shan |
| 082 ## - DEWEY DECIMAL CLASSIFICATION NUMBER |
| Edition number |
23 |
| Classification number |
294.3092 |
| 100 0# - MAIN ENTRY--PERSONAL NAME |
| Personal name |
ပၺ်ႇၺႃႇၼၼ်ႇတ၊ |
| Titles and words associated with a name |
ၸဝ်ႈသြႃႇလူင်၊ Dr.၊ တူၼ်ၶူးၸဝ်ႈလဵဝ် ပဵၼ်သၢမ်ထႅၼ်ႈ။ |
| 245 10 - TITLE STATEMENT |
| Title |
တူဝ်ထူပ်းလႄႈ တၢင်းႁၼ်ထိုင် ၵႆၸမ် / |
| Statement of responsibility, etc. |
ၸဝ်ႈသြႃႇလူင် Dr. ပၺ်ႇၺႃႇၼၼ်ႇတ တူၼ်ၶူးၸဝ်ႈလဵဝ် ပဵၼ်သၢမ်ထႅၼ်ႈ။ |
| 260 ## - PUBLICATION, DISTRIBUTION, ETC. |
| Date of publication, distribution, etc. |
2015 ။ |
| 300 ## - PHYSICAL DESCRIPTION |
| Extent |
iv, 153 ၼႃႈ၊ |
| Other physical details |
ပႃးႁၢင်ႈ(သီ)၊ |
| Dimensions |
21 ၸိၼ်ႇတီႇ။ |
| 500 ## - GENERAL NOTE |
| General note |
S-SAT: Dr. Prof Sai Aung Tun |
| 650 ## - SUBJECT ADDED ENTRY--TOPICAL TERM |
| Topical term or geographic name entry element |
ထေႇရုပ်ႉပတ်ႉတိ၊ ပိုၼ်းၵႅပ်ႈ |
| 942 ## - ADDED ENTRY ELEMENTS (KOHA) |
| Koha item type |
Books (Long term) |
| 100 0# - MAIN ENTRY--PERSONAL NAME |
| 9 (RLIN) |
26383 |
| 650 ## - SUBJECT ADDED ENTRY--TOPICAL TERM |
| 9 (RLIN) |
26384 |
|
| Source of classification or shelving scheme |
|
|
| Source of classification or shelving scheme |
|